El Mundo de vida, base cultural para una orientación educativa situada . = The World of life, a cultural basis for a localized educational orientation /
El ejercicio adecuado de la Orientación educativo y psicológica exige del profesional la comprensión ajustada de la vida de los sujetos a los que se busca acompañar. Este artículo recoge una detenida y extensa investigación sobre el mundo - de - vida y sujetos populares en Venezuela, llevada adelant...
Uloženo v:
| Hlavní autor: | |
|---|---|
| Další autoři: | |
| Médium: | Text |
| Témata: | |
| Tagy: |
Přidat tag
Žádné tagy, Buďte první, kdo vytvoří štítek k tomuto záznamu!
|
MARC
| LEADER | 00000 a a2200000 04500 | ||
|---|---|---|---|
| 001 | 47960 | ||
| 003 | |||
| 040 | |||
| 100 | |a González, Vivian | ||
| 245 | |a El Mundo de vida, base cultural para una orientación educativa situada . = |b The World of life, a cultural basis for a localized educational orientation / |c Vivian González y Alejandro Moreno | ||
| 520 | |a El ejercicio adecuado de la Orientación educativo y psicológica exige del profesional la comprensión ajustada de la vida de los sujetos a los que se busca acompañar. Este artículo recoge una detenida y extensa investigación sobre el mundo - de - vida y sujetos populares en Venezuela, llevada adelante por el Centro de Investigaciones populares, desde cuya perspectiva puede re-emprenderse, de manera novedosa, un ejercicio adecuado de la Orientación educativa y psicológica | ||
| 650 | |a HISTORIAS DE VIDA | ||
| 650 | |a ADOLESCENTES | ||
| 650 | |a ASPECTOS EDUCATIVOS | ||
| 650 | |a VENEZUELA | ||
| 700 | |a Moreno, Alejandro | ||
| 773 | |g volumen15, número3, (2006). páginas 571-595 | ||
| 999 | |c 23530 |d 23530 | ||
